| 000 | 00768cam a22002535a 4500 | ||
|---|---|---|---|
| 001 | E153005 | ||
| 008 | 110523s2011 xxka f 000 0 eng u | ||
| 020 | _a9781848061576 | ||
| 035 | _a(Sirsi) u153005 | ||
| 041 | 0 | _aeng | |
| 050 | 0 | 4 | _a696 $2 18 |
| 100 | 1 | _aTrotman, Peter | |
| 245 | 0 | 0 | _aWater services for domestic properties |
| 260 |
_aWatford _bIHS BRE _c2011 |
||
| 300 |
_a8p. _bill. _c30cm. |
||
| 490 | 0 |
_aBRE Good Building Guide _vGBG 80 |
|
| 520 | _aLooks at systems for domestic hot and cold water, including pipework and other components. Also advises on ways of reducing noise from plumbing. | ||
| 521 | _aAdvanced | ||
| 590 | _aKA | ||
| 651 | 4 |
_aUnited Kingdom _y |
|
| 690 |
_aBlock management _96220 |
||
| 700 | 1 | _aGriggs, John | |
| 942 | _n0 | ||
| 999 |
_c112318 _d112318 |
||